[Event "Isle of Wight International"]
[Site "Ryde"]
[Date "2025.02.18"]
[Round "2.4"]
[White "Shearsby, Jude"]
[Black "Ghasi, Ameet K"]
[Result "0-1"]
[WhiteElo "2227"]
[BlackElo "2506"]
[PlyCount "102"]
[EventDate "2025.02.18"]
[EventType "swiss"]
[EventRounds "9"]
[EventCountry "ENG"]
[SourceTitle "BritBase"]
[Source "John Saunders"]
[SourceDate "2025.02.21"]
[SourceVersion "1"]
[SourceVersionDate "2025.02.21"]
[SourceQuality "1"]

1. e4 c5 2. Nf3 e6 3. d4 cxd4 4. Nxd4 Nc6 5. Nc3 a6 6. Be3 Nf6 7. a3 Qc7 8. Be2 Be7 9. O-O O-O 10. f4 d6 11. Qd2 Bd7 12. Rad1 Rad8 13. f5 Ne5 14. h3 b5 15. Kh1 Qb7 16. Bg5 Bc8 17. Qe3 Kh8 18. b3 Ng8 19. Bf4 Bf6 20. g4 Nc6 21. Nf3 exf5 22. gxf5 Rfe8 23. Nd5 Bxf5 24. Bd3 Bg6 25. Nd2 Be5 26. h4 Nge7 27. Nxe7 Qxe7 28. Qh3 Bh5 29. Rde1 Qd7 30. Qg3 f6 31. a4 Nb4 32. axb5 axb5 33. Kg2 Ra8 34. Bxe5 dxe5 35. Ra1 Rad8 36. Rf2 Nxd3 37. Qxd3 Qxd3 38. cxd3 Rxd3 39. Ra5 Red8 40. Ra2 Bf7 41. Rb2 b4 42. Nc4 Bg6 43. Rfe2 h6 44. Nd2 R8d4 45. Ra2 Kh7 46. Kh2 Rc3 47. Rg2 Bxe4 48. Nxe4 Rxe4 49. Ra7 Rxh4+ 50. Kg1 Rc1+ 51. Kf2 Rc2+ 0-1

[Event "Isle of Wight International"]
[Site "Ryde"]
[Date "2025.02.18"]
[Round "2.5"]
[White "Rida, Ruqayyah"]
[Black "Prado, Alexandra"]
[Result "1-0"]
[WhiteElo "2101"]
[BlackElo "1938"]
[PlyCount "137"]
[EventDate "2025.02.18"]
[EventType "swiss"]
[EventRounds "9"]
[EventCountry "ENG"]
[SourceTitle "BritBase"]
[Source "John Saunders"]
[SourceDate "2025.02.21"]
[SourceVersion "1"]
[SourceVersionDate "2025.02.21"]
[SourceQuality "1"]

1. e4 c5 2. Nf3 g6 3. d4 cxd4 4. Qxd4 Nf6 5. Nc3 Nc6 6. Qa4 d5 7. Bb5 dxe4 8. Ne5 Bd7 9. Nxd7 Qxd7 10. Bg5 Bg7 11. Rd1 Qe6 12. Bxf6 Bxf6 13. Nxe4 O-O 14. O-O Bxb2 15. Nc5 Qc8 16. Rb1 Be5 17. Qe4 Qc7 18. Bxc6 bxc6 19. Rb7 Qd6 20. Nd3 Bf6 21. Rfb1 Rab8 22. Qb4 Rxb7 23. Qxb7 Bd4 24. Qb4 c5 25. Qc4 Rd8 26. g3 e5 27. Rb7 Rd7 28. Rxd7 Qxd7 29. c3 e4 30. Nf4 Be5 31. Nd5 Qe6 32. Qxe4 Kg7 33. Qc4 Bd6 34. Qd3 Qe1+ 35. Kg2 Be5 36. Qc4 Bd6 37. Ne3 Qd2 38. Qd5 Qxd5+ 39. Nxd5 c4 40. Kf3 f5 41. Ke3 Bc5+ 42. Ke2 Kf7 43. Ne3 Ke6 44. Nxc4 Kd5 45. Ne3+ Kc6 46. Kd3 Kb5 47. f3 Ka4 48. Nc2 Kb5 49. g4 fxg4 50. fxg4 a5 51. Nd4+ Ka4 52. Kc4 Bd6 53. h3 Be5 54. Nc2 Bf6 55. Kd3 Bg7 56. c4 Bf6 57. Ke4 Bh4 58. Kd5 Bg3 59. Ke6 h5 60. Kf6 h4 61. Kxg6 Bf2 62. Kf5 Bc5 63. Ke6 Bf8 64. Kd5 Be7 65. Nd4 Ka3 66. c5 Kxa2 67. c6 Bd8 68. Nb5 a4 69. c7 1-0

[Event "Isle of Wight International"]
[Site "Ryde"]
[Date "2025.02.18"]
[Round "2.6"]
[White "Chatalbashev, Boris"]
[Black "Boswell, Jacob Connor"]
[Result "0-1"]
[WhiteElo "2489"]
[BlackElo "2214"]
[PlyCount "112"]
[EventDate "2025.02.18"]
[EventType "swiss"]
[EventRounds "9"]
[EventCountry "ENG"]
[SourceTitle "BritBase"]
[Source "John Saunders"]
[SourceDate "2025.02.21"]
[SourceVersion "1"]
[SourceVersionDate "2025.02.21"]
[SourceQuality "1"]

1. Nf3 Nf6 2. g3 g6 3. b3 Bg7 4. Bb2 O-O 5. Bg2 c5 6. c4 Nc6 7. O-O d6 8. d4 cxd4 9. Nxd4 Bd7 10. Nc2 a6 11. Nc3 Qa5 12. Rb1 Rab8 13. a4 Qh5 14. e4 Bg4 15. f3 Bh3 16. Nd5 Nxd5 17. exd5 Ne5 18. Nd4 Rfc8 19. Qe2 Bf6 20. Rfe1 Bd7 21. Rbc1 g5 22. Rcd1 b5 23. axb5 axb5 24. cxb5 g4 25. f4 Nf3+ 26. Nxf3 Bxb5 27. Qf2 Bxb2 28. Nd4 Bxd4 29. Rxd4 Rb7 30. Rb4 Qf5 31. Qd4 Qc2 32. f5 h5 33. Qf4 f6 34. Kh1 Kg7 35. Qe3 Rc3 36. Qe4 Bd3 37. Qe6 Rxb3 38. Rxb3 Qxb3 39. Qc8 Qb4 40. Rc1 Qd2 41. Rg1 Rb1 42. Rxb1 Bxb1 43. Qc4 Qe1+ 44. Qf1 Qxf1+ 45. Bxf1 Be4+ 46. Kg1 Bxd5 47. Bd3 Kh6 48. Kf2 Kg5 49. Ke3 Bc6 50. Kd4 Bd7 51. Kd5 Bxf5 52. Bb5 Bc8 53. Be8 h4 54. Ke4 Bb7+ 55. Ke3 hxg3 56. hxg3 e5 0-1

[Event "Isle of Wight International"]
[Site "Ryde"]
[Date "2025.02.18"]
[Round "2.7"]
[White "Plat, Vojtech"]
[Black "Li, Harry"]
[Result "1-0"]
[WhiteElo "2459"]
[BlackElo "2204"]
[PlyCount "61"]
[EventDate "2025.02.18"]
[EventType "swiss"]
[EventRounds "9"]
[EventCountry "ENG"]
[SourceTitle "BritBase"]
[Source "John Saunders"]
[SourceDate "2025.02.21"]
[SourceVersion "1"]
[SourceVersionDate "2025.02.21"]
[SourceQuality "1"]

1. e4 e5 2. Nf3 Nc6 3. d4 exd4 4. Nxd4 Nf6 5. Nxc6 bxc6 6. e5 Qe7 7. Qe2 Nd5 8. c4 Ba6 9. b3 g6 10. f4 g5 11. fxg5 Bg7 12. Bb2 O-O-O 13. Nd2 Qxg5 14. Nf3 Qf5 15. Qd3 Qxd3 16. Bxd3 Nf4 17. Bf5 Nxg2+ 18. Kf2 Nf4 19. Rhg1 Bf8 20. Bd4 c5 21. Be3 Ng6 22. Bg5 Re8 23. Bf6 Rg8 24. Rad1 Re6 25. Bxe6 fxe6 26. h4 Bb7 27. h5 Ne7 28. Bxe7 Rxg1 29. Rxg1 Bxe7 30. Rg8+ Bd8 31. Ng5 1-0

[Event "Isle of Wight International"]
[Site "Ryde"]
[Date "2025.02.18"]
[Round "2.8"]
[White "Toma, Katarzyna"]
[Black "Camacho Collados, Marcos"]
[Result "0-1"]
[WhiteElo "2199"]
[BlackElo "2459"]
[PlyCount "120"]
[EventDate "2025.02.18"]
[EventType "swiss"]
[EventRounds "9"]
[EventCountry "ENG"]
[SourceTitle "BritBase"]
[Source "John Saunders"]
[SourceDate "2025.02.21"]
[SourceVersion "1"]
[SourceVersionDate "2025.02.21"]
[SourceQuality "1"]

1. e4 c5 2. Nf3 e6 3. d3 Nc6 4. g3 g6 5. Bg2 Bg7 6. O-O d6 7. Re1 e5 8. c3 Nf6 9. a3 O-O 10. b4 a6 11. Nbd2 Re8 12. Bb2 b5 13. Nb3 Qe7 14. d4 c4 15. d5 Nd8 16. Na5 Nd7 17. Bc1 Nb6 18. Be3 Qc7 19. Nd2 Bd7 20. Nf1 Na4 21. Qd2 Nb7 22. Nxb7 Qxb7 23. Rac1 Rf8 24. Rc2 f5 25. Bh6 f4 26. Bg5 h6 27. Be7 Rf7 28. Bxd6 Qb6 29. Bc5 Nxc5 30. bxc5 Qxc5 31. gxf4 Rxf4 32. Ne3 Qd6 33. a4 Raf8 34. Qc1 Bf6 35. axb5 axb5 36. Ree2 Bg5 37. Qe1 Rh4 38. Ra2 Rhf4 39. Kh1 Bh4 40. Reb2 h5 41. Kg1 R8f7 42. Kh1 Kg7 43. Kg1 Bd8 44. Qb1 Qc5 45. Qe1 Bb6 46. Kh1 h4 47. h3 Qc8 48. Kh2 Bc5 49. Qc1 Qd8 50. Qe1 Qg5 51. Nd1 Qf6 52. Ne3 Kh7 53. Qe2 Qg5 54. Qe1 Rf3 55. Nf5 Qf4+ 56. Kg1 gxf5 57. Bxf3 Qxf3 58. exf5 Rg7+ 59. Kf1 Qxh3+ 60. Ke2 Qd3# 0-1

[Event "Isle of Wight International"]
[Site "Ryde"]
[Date "2025.02.18"]
[Round "2.9"]
[White "Willow, Jonah B"]
[Black "Zheng, Harry Z"]
[Result "1-0"]
[WhiteElo "2459"]
[BlackElo "2198"]
[PlyCount "113"]
[EventDate "2025.02.18"]
[EventType "swiss"]
[EventRounds "9"]
[EventCountry "ENG"]
[SourceTitle "BritBase"]
[Source "John Saunders"]
[SourceDate "2025.02.21"]
[SourceVersion "1"]
[SourceVersionDate "2025.02.21"]
[SourceQuality "1"]

1. e4 e5 2. Nf3 Nc6 3. Nc3 Nf6 4. Bb5 Bb4 5. O-O O-O 6. Bxc6 dxc6 7. d3 Bd6 8. Ne2 h6 9. a4 a5 10. Ng3 Re8 11. Kh1 Nh7 12. Be3 Nf8 13. Nd2 Ng6 14. b3 Qe7 15. Nf5 Qf6 16. g4 Nf4 17. Rg1 Bf8 18. Qf3 g6 19. Ng3 Bg7 20. Ne2 Kh7 21. Raf1 g5 22. Ng3 Nh3 23. Nf5 Nxg1 24. Rxg1 Bxf5 25. exf5 Qd8 26. Ne4 Bf6 27. h4 Kg7 28. hxg5 hxg5 29. Kg2 Rh8 30. Ng3 Qd6 31. Nh5+ Kf8 32. Rh1 Ke7 33. Qe4 b6 34. d4 Qd5 35. Nxf6 Kxf6 36. dxe5+ Kg7 37. Qxd5 cxd5 38. Rxh8 Rxh8 39. Bxg5 Re8 40. Bf6+ Kh7 41. f4 c6 42. Kf3 b5 43. Bh4 bxa4 44. bxa4 c5 45. Be1 c4 46. Ke3 Kg7 47. Kd4 Rh8 48. Kxd5 Rh2 49. e6 fxe6+ 50. fxe6 Rxc2 51. Bxa5 c3 52. Kc4 Kf6 53. f5 Rg2 54. Bxc3+ Ke7 55. Kd5 Rxg4 56. f6+ Kf8 57. Be5 1-0

[Event "Isle of Wight International"]
[Site "Ryde"]
[Date "2025.02.18"]
[Round "2.10"]
[White "Spence, David J"]
[Black "Roberson, Peter T"]
[Result "1-0"]
[WhiteElo "2181"]
[BlackElo "2444"]
[PlyCount "89"]
[EventDate "2025.02.18"]
[EventType "swiss"]
[EventRounds "9"]
[EventCountry "ENG"]
[SourceTitle "BritBase"]
[Source "John Saunders"]
[SourceDate "2025.02.21"]
[SourceVersion "1"]
[SourceVersionDate "2025.02.21"]
[SourceQuality "1"]

1. e4 e6 2. d4 d5 3. Nc3 Nf6 4. e5 Nfd7 5. f4 c5 6. Nf3 Nc6 7. Be3 a6 8. Qd2 b5 9. dxc5 Bxc5 10. O-O-O Qb6 11. Bxc5 Nxc5 12. Qe1 b4 13. Ne2 a5 14. Ned4 O-O 15. Nxc6 Qxc6 16. Nd4 Qb6 17. g4 a4 18. f5 b3 19. cxb3 axb3 20. a3 Ne4 21. Kb1 Qc7 22. f6 Qxe5 23. fxg7 Qxg7 24. Bg2 Nc5 25. Qe3 Na4 26. Rhf1 Ba6 27. Rf2 Bc4 28. g5 Ra6 29. Rf6 Rfa8 30. Bh3 Nxb2 31. Kxb2 Qf8 32. Ra1 Rxa3 33. Rxf7 Qxf7 34. Rxa3 Re8 35. Bxe6 Kf8 36. g6 Qf6 37. gxh7 Kg7 38. h8=Q+ Rxh8 39. Ra7+ Kf8 40. Ra8+ Ke7 41. Bxd5+ Kd6 42. Rxh8 Qxh8 43. Bxc4 Kc5 44. Kc3 Qxh2 45. Nf3+ 1-0

[Event "Isle of Wight International"]
[Site "Ryde"]
[Date "2025.02.18"]
[Round "2.12"]
[White "Sooraj, M R"]
[Black "Turner, Matthew J"]
[Result "1-0"]
[WhiteElo "2152"]
[BlackElo "2438"]
[PlyCount "55"]
[EventDate "2025.02.18"]
[EventType "swiss"]
[EventRounds "9"]
[EventCountry "ENG"]
[SourceTitle "BritBase"]
[Source "John Saunders"]
[SourceDate "2025.02.21"]
[SourceVersion "1"]
[SourceVersionDate "2025.02.21"]
[SourceQuality "1"]

1. e4 c6 2. d3 d5 3. Nd2 e5 4. Ngf3 Bd6 5. d4 exd4 6. Bd3 Ne7 7. O-O O-O 8. exd5 Nxd5 9. Nxd4 Bxh2+ 10. Kxh2 Qh4+ 11. Kg1 Qxd4 12. Nf3 Qg4 13. Re1 Bf5 14. Bxf5 Qxf5 15. Nh4 Qf6 16. Qg4 Na6 17. c4 Nb6 18. Bg5 Qxb2 19. Rab1 Qc3 20. Rbc1 h5 21. Qxh5 g6 22. Rxc3 gxh5 23. Bf6 Kh7 24. Re5 Kh6 25. Rg3 Rg8 26. Nf5+ Kh7 27. Ng7 Nd7 28. Rxh5# 1-0

[Event "Isle of Wight International"]
[Site "Ryde"]
[Date "2025.02.18"]
[Round "2.13"]
[White "Gormally, Daniel W"]
[Black "Dignam, Matthew P"]
[Result "1-0"]
[WhiteElo "2435"]
[BlackElo "2138"]
[PlyCount "71"]
[EventDate "2025.02.18"]
[EventType "swiss"]
[EventRounds "9"]
[EventCountry "ENG"]
[SourceTitle "BritBase"]
[Source "John Saunders"]
[SourceDate "2025.02.21"]
[SourceVersion "1"]
[SourceVersionDate "2025.02.21"]
[SourceQuality "1"]

1. e4 e5 2. Nf3 Nc6 3. Bb5 a6 4. Ba4 Nf6 5. O-O b5 6. Bb3 Bc5 7. c3 d6 8. d4 Bb6 9. Bg5 h6 10. Bh4 g5 11. Bg3 O-O 12. Qc2 Na5 13. dxe5 Nxb3 14. axb3 Nh5 15. exd6 Nxg3 16. hxg3 Qxd6 17. e5 Qg6 18. Qxg6+ fxg6 19. b4 Bb7 20. Nbd2 Rad8 21. e6 Rfe8 22. Rfe1 g4 23. Nd4 Bxd4 24. cxd4 Rxd4 25. Nb3 Rd6 26. Nc5 Bd5 27. Rad1 Kg7 28. Rd4 h5 29. b3 g5 30. Rdd1 Kf6 31. Rc1 c6 32. Ra1 Ke7 33. Rxa6 Bxe6 34. Nb7 Rd4 35. Rxc6 Kd7 36. Rcxe6 1-0

[Event "Isle of Wight International"]
[Site "Ryde"]
[Date "2025.02.18"]
[Round "2.14"]
[White "Liu, Jack"]
[Black "Zhou, Yang-Fan"]
[Result "0-1"]
[WhiteElo "2141"]
[BlackElo "2427"]
[PlyCount "100"]
[EventDate "2025.02.18"]
[EventType "swiss"]
[EventRounds "9"]
[EventCountry "ENG"]
[SourceTitle "BritBase"]
[Source "John Saunders"]
[SourceDate "2025.02.21"]
[SourceVersion "1"]
[SourceVersionDate "2025.02.21"]
[SourceQuality "1"]

1. e4 c5 2. Nf3 Nc6 3. d4 cxd4 4. Nxd4 Nf6 5. Nc3 h5 6. Bg5 Qa5 7. Bxf6 gxf6 8. Nb3 Qe5 9. g3 e6 10. f4 Qd6 11. Qxd6 Bxd6 12. O-O-O Bb8 13. Bd3 a6 14. a4 Bc7 15. Kb1 b6 16. Nd2 Bb7 17. Nc4 Nb4 18. Rhe1 O-O-O 19. e5 f5 20. Be2 h4 21. g4 fxg4 22. Bxg4 h3 23. Ne4 Bxe4 24. Rxe4 Nd5 25. f5 Rh4 26. fxe6 fxe6 27. Bf3 Rdh8 28. Rde1 Rxe4 29. Rxe4 Rf8 30. Bg4 Rf1+ 31. Ka2 Rf2 32. Bxh3 Rxc2 33. Kb3 Rxh2 34. Bf1 Kb7 35. Ne3 Rf2 36. Nxd5 Rxf1 37. Nxc7 Kxc7 38. Kc4 Rd1 39. b4 Rc1+ 40. Kd3 Kc6 41. a5 bxa5 42. bxa5 Rc5 43. Rc4 Kd5 44. Rd4+ Kxe5 45. Rxd7 Rd5+ 46. Rxd5+ Kxd5 47. Ke3 Kc5 48. Ke4 Kb5 49. Ke5 Kxa5 50. Kxe6 Kb4 0-1

[Event "Isle of Wight International"]
[Site "Ryde"]
[Date "2025.02.18"]
[Round "2.15"]
[White "Czopor, Maciej"]
[Black "Brewer, Callum D"]
[Result "1-0"]
[WhiteElo "2409"]
[BlackElo "2122"]
[PlyCount "79"]
[EventDate "2025.02.18"]
[EventType "swiss"]
[EventRounds "9"]
[EventCountry "ENG"]
[SourceTitle "BritBase"]
[Source "John Saunders"]
[SourceDate "2025.02.21"]
[SourceVersion "1"]
[SourceVersionDate "2025.02.21"]
[SourceQuality "1"]

1. e4 c6 2. Nc3 d5 3. Nf3 Bg4 4. Be2 dxe4 5. Nxe4 Nf6 6. h3 Bxf3 7. Bxf3 Nbd7 8. Nxf6+ Nxf6 9. O-O e6 10. c3 Bd6 11. b4 Qc7 12. Rb1 O-O 13. Re1 Rfd8 14. Qb3 Rac8 15. d4 h6 16. a4 b6 17. Qc4 Nd5 18. Bb2 a5 19. bxa5 bxa5 20. Ba1 c5 21. dxc5 Bxc5 22. Qe4 Qg3 23. Rf1 Nf4 24. Kh1 Qg5 25. Rb5 Nd3 26. Be2 Qd2 27. Bxd3 Rxd3 28. Rb2 Qxc3 29. Rb7 Rxh3+ 30. gxh3 Qxh3+ 31. Kg1 Bxf2+ 32. Kxf2 Rc2+ 33. Ke1 Qg3+ 34. Kd1 Rc8 35. Rfxf7 Qg1+ 36. Ke2 Qh2+ 37. Rf2 Qh5+ 38. Qf3 Rc2+ 39. Kd1 Rd2+ 40. Kxd2 1-0

[Event "Isle of Wight International"]
[Site "Ryde"]
[Date "2025.02.18"]
[Round "2.16"]
[White "Kiese, Matthias"]
[Black "Vestby-Ellingsen, Mads"]
[Result "1/2-1/2"]
[WhiteElo "2109"]
[BlackElo "2406"]
[PlyCount "115"]
[EventDate "2025.02.18"]
[EventType "swiss"]
[EventRounds "9"]
[EventCountry "ENG"]
[SourceTitle "BritBase"]
[Source "John Saunders"]
[SourceDate "2025.02.21"]
[SourceVersion "1"]
[SourceVersionDate "2025.02.21"]
[SourceQuality "1"]

1. d4 Nf6 2. Nf3 d5 3. c4 e6 4. Nc3 c6 5. cxd5 exd5 6. Qc2 Be6 7. Bg5 Nbd7 8. e3 h6 9. Bh4 g5 10. Bg3 Nh5 11. Bd3 Nxg3 12. hxg3 Qf6 13. O-O-O O-O-O 14. Kb1 Kb8 15. Na4 g4 16. Nh4 c5 17. dxc5 Rc8 18. Qc3 Qxc3 19. Nxc3 Bg7 20. Na4 Nxc5 21. Nxc5 Rxc5 22. Rc1 Rxc1+ 23. Rxc1 h5 24. Nf5 Be5 25. Nd4 Bxd4 26. exd4 h4 27. gxh4 Rh7 28. h5 Rxh5 29. g3 Rh2 30. Rc2 Rh1+ 31. Rc1 Rh2 32. Rc2 Rh1+ 33. Rc1 Rh6 34. Rc2 f5 35. Kc1 f4 36. gxf4 Rh3 37. Rd2 Rf3 38. f5 Bxf5 39. Bxf5 Rxf5 40. Kd1 Kc7 41. Ke2 Kd6 42. Rc2 Rf4 43. Ke3 Rf8 44. Rc1 Re8+ 45. Kd3 Rh8 46. Rg1 Rh4 47. Ke3 Ke6 48. Rc1 Rh3+ 49. Ke2 g3 50. fxg3 Rh2+ 51. Kf3 Rxb2 52. Rc7 a5 53. a4 Rb3+ 54. Kf2 Rb4 55. Ke3 Rb3+ 56. Kf2 Kf5 57. Rf7+ Ke6 58. Rc7 1/2-1/2

[Event "Isle of Wight International"]
[Site "Ryde"]
[Date "2025.02.18"]
[Round "2.17"]
[White "Elgar, Tim"]
[Black "Golding, Alex"]
[Result "1-0"]
[WhiteElo "2104"]
[BlackElo "2365"]
[PlyCount "123"]
[EventDate "2025.02.18"]
[EventType "swiss"]
[EventRounds "9"]
[EventCountry "ENG"]
[SourceTitle "BritBase"]
[Source "John Saunders"]
[SourceDate "2025.02.21"]
[SourceVersion "1"]
[SourceVersionDate "2025.02.21"]
[SourceQuality "1"]

1. c4 e5 2. Nc3 Nc6 3. e3 Nf6 4. Nf3 d6 5. d4 Bg4 6. Be2 g6 7. b4 Bg7 8. O-O exd4 9. exd4 O-O 10. b5 Ne7 11. h3 Bxf3 12. Bxf3 c6 13. Bf4 d5 14. bxc6 bxc6 15. c5 Nf5 16. Qa4 Qd7 17. Be5 Nh4 18. Be2 Ne4 19. Nxe4 dxe4 20. Rad1 Rfd8 21. Bd6 Nf5 22. Bg4 Rac8 23. d5 h5 24. dxc6 Qxc6 25. Qxc6 Rxc6 26. Bxf5 gxf5 27. Rd5 Bf8 28. Rxf5 Bxd6 29. cxd6 Rdxd6 30. Re1 Rd2 31. a4 Rc4 32. a5 Kg7 33. Rxh5 Kg6 34. Re5 f5 35. g4 fxg4 36. hxg4 Rcc2 37. Rf5 Rc4 38. Re3 Ra2 39. Kg2 Rca4 40. Re5 Rxa5 41. Rxa5 Rxa5 42. Rxe4 Ra3 43. f3 a5 44. Kg3 a4 45. Rb4 Ra1 46. Rb6+ Kg7 47. Ra6 a3 48. Kf4 a2 49. Ra7+ Kg6 50. g5 Rb1 51. Ra6+ Kf7 52. Rxa2 Rb4+ 53. Kf5 Rb7 54. f4 Kg7 55. Ra6 Kf7 56. g6+ Kg7 57. Kg5 Rb1 58. Ra7+ Kg8 59. f5 Kf8 60. Ra8+ Ke7 61. f6+ Ke6 62. Re8+ 1-0

[Event "Isle of Wight International"]
[Site "Ryde"]
[Date "2025.02.18"]
[Round "2.18"]
[White "Derakhshani, Borna"]
[Black "Galvan Cipriani, Viviana"]
[Result "1-0"]
[WhiteElo "2355"]
[BlackElo "2096"]
[PlyCount "81"]
[EventDate "2025.02.18"]
[EventType "swiss"]
[EventRounds "9"]
[EventCountry "ENG"]
[SourceTitle "BritBase"]
[Source "John Saunders"]
[SourceDate "2025.02.21"]
[SourceVersion "1"]
[SourceVersionDate "2025.02.21"]
[SourceQuality "1"]

1. e4 c5 2. Nf3 e6 3. d4 cxd4 4. Nxd4 a6 5. Bd3 Nc6 6. Nb3 Qc7 7. O-O Nb4 8. c4 Nxd3 9. Qxd3 b5 10. cxb5 axb5 11. Be3 Qc4 12. Qxc4 bxc4 13. N3d2 Ba6 14. Rc1 d5 15. exd5 exd5 16. Nc3 Nf6 17. Bd4 O-O-O 18. Rab1 Bb4 19. a3 Bxc3 20. bxc3 Rhe8 21. Nf3 Bb7 22. Rb2 Rd7 23. Rcb1 Re6 24. a4 Ra6 25. Rb4 Ne4 26. Re1 f6 27. Nh4 Bc6 28. Nf5 g6 29. Ne3 f5 30. f3 Nd6 31. Be5 Nb7 32. Rd1 Kd8 33. g4 Nc5 34. gxf5 gxf5 35. Rb8+ Ke7 36. Bd4 Nd3 37. Nxf5+ Kf7 38. Kh1 Bxa4 39. Ra1 Kg6 40. Rf8 h5 41. Rg1+ 1-0

[Event "Isle of Wight International"]
[Site "Ryde"]
[Date "2025.02.18"]
[Round "2.19"]
[White "Zhang, Junyi"]
[Black "Houska, Jovanka"]
[Result "0-1"]
[WhiteElo "2096"]
[BlackElo "2344"]
[PlyCount "100"]
[EventDate "2025.02.18"]
[EventType "swiss"]
[EventRounds "9"]
[EventCountry "ENG"]
[SourceTitle "BritBase"]
[Source "John Saunders"]
[SourceDate "2025.02.21"]
[SourceVersion "1"]
[SourceVersionDate "2025.02.21"]
[SourceQuality "1"]

1. e4 c6 2. Nf3 d5 3. Nc3 Bg4 4. h3 Bxf3 5. Qxf3 Nf6 6. Be2 g6 7. O-O Bg7 8. Rd1 d4 9. Nb1 e5 10. d3 Nbd7 11. Nd2 h5 12. Bf1 h4 13. b3 Qc7 14. a4 Nf8 15. Ba3 Ne6 16. Nc4 Rd8 17. a5 Nh5 18. Rdb1 Bf8 19. Bc1 Be7 20. Qd1 Kf8 21. Be2 Nhf4 22. Bg4 Kg7 23. Bxf4 Nxf4 24. Nd2 Bb4 25. Nc4 Bc3 26. Ra2 b5 27. axb6 axb6 28. Nd2 Qe7 29. Nf1 Ra8 30. Rxa8 Rxa8 31. Nd2 b5 32. Kf1 Ra2 33. Nf3 Qf6 34. Bd7 Kf8 35. Bg4 Ke7 36. Ng1 Kd6 37. Ne2 Nxe2 38. Bxe2 Qf4 39. Bf3 Kc5 40. Ke2 Kb4 41. Rc1 c5 42. Rb1 f5 43. Kf1 Qd2 44. Qxd2 Bxd2 45. Bd1 fxe4 46. dxe4 Bf4 47. Ke2 Kc3 48. Kf3 Bc1 49. g3 hxg3 50. fxg3 Kd2 0-1

[Event "Isle of Wight International"]
[Site "Ryde"]
[Date "2025.02.18"]
[Round "2.20"]
[White "Fischer, Daniel"]
[Black "Patel, Zain"]
[Result "1-0"]
[WhiteElo "2341"]
[BlackElo "2089"]
[PlyCount "91"]
[EventDate "2025.02.18"]
[EventType "swiss"]
[EventRounds "9"]
[EventCountry "ENG"]
[SourceTitle "BritBase"]
[Source "John Saunders"]
[SourceDate "2025.02.21"]
[SourceVersion "1"]
[SourceVersionDate "2025.02.21"]
[SourceQuality "1"]

1. e4 e5 2. Nf3 Nc6 3. Bb5 Nge7 4. Nc3 Ng6 5. d4 exd4 6. Nxd4 Bc5 7. Be3 Bxd4 8. Bxd4 Qg5 9. g3 Nxd4 10. Qxd4 Ne5 11. Be2 Nc6 12. Qa4 O-O 13. f4 Qc5 14. Qb5 Qe3 15. Qd3 Qb6 16. O-O-O d6 17. Kb1 Be6 18. f5 Ne5 19. Qd2 Bc4 20. f6 Qa6 21. Qg5 Ng6 22. Bxc4 Qxc4 23. Nd5 h6 24. Qf5 Rfe8 25. fxg7 Re5 26. Qd7 Qc6 27. Qg4 Rg5 28. Qf3 Kxg7 29. h4 Re5 30. Qf6+ Kg8 31. h5 Re6 32. Qf5 Ne5 33. Qxe6 fxe6 34. Ne7+ Kh7 35. Nxc6 bxc6 36. Rhf1 Rg8 37. Rf6 Rxg3 38. Rxe6 Nf3 39. Re7+ Rg7 40. Rxg7+ Kxg7 41. Kc1 Ng5 42. e5 Ne4 43. Rg1+ Kh7 44. e6 d5 45. e7 Nd6 46. Rf1 1-0

[Event "Isle of Wight International"]
[Site "Ryde"]
[Date "2025.02.18"]
[Round "2.21"]
[White "Wilks, Simon"]
[Black "Arkell, Keith C"]
[Result "0-1"]
[WhiteElo "2089"]
[BlackElo "2329"]
[PlyCount "90"]
[EventDate "2025.02.18"]
[EventType "swiss"]
[EventRounds "9"]
[EventCountry "ENG"]
[SourceTitle "BritBase"]
[Source "John Saunders"]
[SourceDate "2025.02.21"]
[SourceVersion "1"]
[SourceVersionDate "2025.02.21"]
[SourceQuality "1"]

1. e4 d5 2. exd5 Qxd5 3. Nc3 Qd8 4. d4 Nf6 5. Nf3 Bg4 6. h3 Bxf3 7. Qxf3 c6 8. Be3 Nbd7 9. O-O-O e6 10. Bd3 Bb4 11. Ne4 Nxe4 12. Bxe4 Nf6 13. Bg5 Be7 14. Kb1 Nxe4 15. Bxe7 Qxe7 16. Qxe4 O-O 17. Rd3 Rfd8 18. Rhd1 Rd7 19. a3 Rad8 20. f4 Qf6 21. g4 h6 22. c3 Rd5 23. Kc2 b5 24. Rf1 a5 25. Rf2 b4 26. axb4 axb4 27. Rdf3 bxc3 28. Rxc3 Rxd4 29. Qxc6 Rxf4 30. Rxf4 Qxf4 31. Kb1 Qd2 32. Ka2 Rb8 33. Rb3 Qa5+ 34. Ra3 Qb4 35. Qc3 Qxc3 36. Rxc3 f5 37. gxf5 exf5 38. Ka3 Kf7 39. b4 Ke6 40. Ka4 f4 41. Rc7 f3 42. Rc3 Rf8 43. Rc1 f2 44. Rf1 Kd5 45. Kb3 Kd4 0-1

[Event "Isle of Wight International"]
[Site "Ryde"]
[Date "2025.02.18"]
[Round "2.22"]
[White "Larchikov, Maksym"]
[Black "Radeva, Viktoria"]
[Result "1/2-1/2"]
[WhiteElo "2088"]
[BlackElo "2303"]
[PlyCount "49"]
[EventDate "2025.02.18"]
[EventType "swiss"]
[EventRounds "9"]
[EventCountry "ENG"]
[SourceTitle "BritBase"]
[Source "John Saunders"]
[SourceDate "2025.02.21"]
[SourceVersion "1"]
[SourceVersionDate "2025.02.21"]
[SourceQuality "1"]

1. d4 e6 2. c4 Nf6 3. Nf3 d5 4. Nc3 c6 5. e3 Nbd7 6. Qc2 Bd6 7. b3 O-O 8. Be2 e5 9. cxd5 cxd5 10. Nb5 Bb4+ 11. Bd2 Bxd2+ 12. Nxd2 a6 13. dxe5 Nxe5 14. Nd4 Bd7 15. O-O Rc8 16. Qb2 Ne4 17. Rac1 Qf6 18. Rxc8 Rxc8 19. Nxe4 dxe4 20. Qb1 Qg6 21. Rc1 Rd8 22. f3 Bh3 23. g3 exf3 24. Qxg6 f2+ 25. Kxf2 1/2-1/2

[Event "Isle of Wight International"]
[Site "Ryde"]
[Date "2025.02.18"]
[Round "2.23"]
[White "Kreken, Eivind Grunt"]
[Black "Sandhu, Manvith"]
[Result "1-0"]
[WhiteElo "2285"]
[BlackElo "1904"]
[PlyCount "51"]
[EventDate "2025.02.18"]
[EventType "swiss"]
[EventRounds "9"]
[EventCountry "ENG"]
[SourceTitle "BritBase"]
[Source "John Saunders"]
[SourceDate "2025.02.21"]
[SourceVersion "1"]
[SourceVersionDate "2025.02.21"]
[SourceQuality "1"]

1. e4 c5 2. Nf3 e6 3. d4 cxd4 4. Nxd4 a6 5. Nc3 Qc7 6. Bd3 Nf6 7. Qe2 d6 8. g4 b5 9. g5 Nfd7 10. Bd2 Bb7 11. f4 Nc6 12. Nd5 Qd8 13. Nxc6 Bxc6 14. O-O-O Be7 15. Rhe1 Nb6 16. Ba5 Bxd5 17. exd5 e5 18. h4 Qc7 19. fxe5 O-O-O 20. e6 f6 21. Kb1 Rde8 22. a4 Qa7 23. axb5 axb5 24. Bxb6 Qxb6 25. Bxb5 Ref8 26. Rd3 1-0